Here is Your Life : [The Supplements] = Här har du ditt liv : [De Kosttillskott] /

Uloženo v:
Podrobná bibliografie
Další autoři: Troell, Jan (realización) (realización), Forslund, Bengt (guión) (guión), Troell, Jan (guión) (guión), Troell, Jan (fotógrafo) (fotógrafo), Troell, Jan (montaje) (montaje), Nordgren, Erik (música) (música), Sydow, Max von (actuación) (actuación), Edwall, Allan (actuación) (actuación), Flens, Karl Erik (actuación) (actuación), Axberg, Eddie (autor) (autor), Cowie, Peter (entrevista) (entrevista), Björkman, Stig (entrevista) (entrevista), Pauker, Elizabeth (producción) (producción), Becker, Peter (producción ejecutiva) (producción ejecutiva), Kline, Lee (realización) (realización), Klose, Simon (fotógrafo) (fotógrafo), Lazarevski, Oliver (fotógrafo) (fotógrafo), Korkeasalo, Malin (fotógrafo) (fotógrafo), Yum, Helen (montaje) (montaje), Young, D.W. (montaje) (montaje), Le Fanu, Mark (texto del folleto) (texto del folleto)
Médium: Video
Jazyk:švédština
Vydáno: Estocolmo, Suecia : Nueva York, EUA : Svensk Filmindustri ; Criterion Collection, 1965-2015
Edice:(Criterion Collection ; 766/2)
Témata:
Tagy: Přidat tag
Žádné tagy, Buďte první, kdo vytvoří štítek k tomuto záznamu!

MARC

LEADER 00000ngm^a2200000^a^4500
001 000370707
005 20251020000000.0
009 20260526142332.893
020 |a 1-68143-018-5 
037 |a Acervo ITESO - Biblioteca 
041 |a SUE 
082 |a 808. 8  |b CRI V. 766 T. 2 
240 1 1 |a [Here is Your Life] 
240 1 1 |a [4 x 4] 
245 0 0 |a Here is Your Life :  |b [The Supplements] = Här har du ditt liv : [De Kosttillskott] / 
246 2 |a Título en México: no conocido/no identificado 
246 2 |a Título alternativo en español: no conocido/no identificado 
264 1 |a Estocolmo, Suecia :  |b Svensk Filmindustri ;  |a Nueva York, EUA :  |b Criterion Collection,  |c 1965-2015 
264 2 |a Nueva York, EUA :  |b Criterion Collection [distribución],  |c 2015, c2015 
300 |a 1 DVD región 1 (30, 34, 16, 15 min.) :  |b blanco y negro, color +  |e 1 lámina 
336 |a imagen móvil bidimensional  |b tdi  |2 rdacontenido 
337 |a video  |b v  |2 rdamedio 
338 |a videodisco  |b vd  |2 rdasoporte 
440 1 |a (Criterion Collection ;  |v 766/2) 
500 |a Basado en: Eyvind Johnson 
546 |a En inglés, sin subtítulos 
546 |a En sueco, con subtítulos opcionales: inglés 
561 |a Obra autografiada por el autor: etiqueta con firma facsímil 
586 |a Premio Nobel de Literatura 1974, ex aequo con Harry Martinson: Adaptaciones de sus obras 
649 |a XX 
650 |a Cineastas Suecos -  |x Entrevistas 
650 |a Guionistas Suecos -  |x Entrevistas 
650 |a Productores (Medios de Comunicación) -  |z Suecia -  |x Entrevistas 
650 |a Actores Suecos -  |x Entrevistas 
650 |a Cortometrajes y Mediometrajes Suecos 
650 |a Cine en Blanco y Negro -  |z Suecia 
650 |a Cine Sueco -  |x Historia y Crítica 
650 |a Cine Sueco -  |y 1960-1969 
650 |a Cine Sueco -  |y Siglo XX 
650 |a Novela Sueca -  |x Adaptaciones para Cine 
650 |a Literatura Sueca -  |y Siglo XX -  |x Adaptaciones para Cine 
650 |a Literatura y Cine 
650 |a Troell, Jan -  |x Tema Principal 
650 |a Axberg, Eddie 
650 |a Forslund, Bengt 
740 0 |a Interlude in the Marshland =  |b Uppehåll i myrlandet /  |c Realización de J. Troell. 
740 0 |a Jan Troell in Conversation with Peter Cowie /  |c J. Troell ; entrevistado por P. Cowie ; prod. de E. Pauker ; prod. ejecutiva de P. Becker... [et al.] ; realización de L. Kline. 
740 0 |a Eddie Axberg on Here is Your Life /  |c E. Axberg ; entrevistado por S. Björkman ; prod. de E. Pauker ; prod. ejecutiva de P. Becker... [et al.] ; realización de L. Kline. 
740 0 |a Bengt Forslund [on Here is Your Life] /  |c B. Forslund ; entrevistado por S. Björkman ; prod. de E. Pauker ; prod. ejecutiva de P. Becker... [et al.] ; realización de L. Kline. 
740 0 |a Great Expectations /  |c Texto de la lámina de M. Le Fanu. 
700 |a Troell, Jan  |e (realización) 
700 |a Forslund, Bengt  |e (guión) 
700 |a Troell, Jan  |e (guión) 
700 |a Troell, Jan  |e (fotógrafo) 
700 |a Troell, Jan  |e (montaje) 
700 |a Nordgren, Erik  |e (música) 
700 |a Sydow, Max von  |e (actuación) 
700 |a Edwall, Allan  |e (actuación) 
700 |a Flens, Karl Erik  |e (actuación) 
700 |a Axberg, Eddie  |e (autor) 
700 |a Cowie, Peter  |e (entrevista) 
700 |a Björkman, Stig  |e (entrevista) 
700 |a Pauker, Elizabeth  |e (producción) 
700 |a Becker, Peter  |e (producción ejecutiva) 
700 |a Kline, Lee  |e (realización) 
700 |a Klose, Simon  |e (fotógrafo) 
700 |a Lazarevski, Oliver  |e (fotógrafo) 
700 |a Korkeasalo, Malin  |e (fotógrafo) 
700 |a Yum, Helen  |e (montaje) 
700 |a Young, D.W.  |e (montaje) 
700 |a Le Fanu, Mark  |e (texto del folleto) 
910 |a Fondo General 
920 |a Audiovisuales - DVDs 
940 |a Películas 
905 |a 308 
901 |a 0500264011  |b IT2  |c DVR  |i C150362  |u 20250521 
901 |a 0500264012  |b IT2  |c MIN  |u 20251020 
902 |a https://opac.biblio.iteso.mx/vufind/Record/000370707